000 01081nam a2200325 i 4500
001 244173
003 OSt
005 20180921
008 0000001999 dr 0000000000spa00
100 _aMartínez Martínez, Dorotea
245 _aFactores que inciden en el personal médico para la prescripción de fármacos Hospitales de la provincia Altagracia 1999
_cDorotea Martínez Martínez, Julio Ernesto Palm Ureña, Francisca Alt. Cruz Zorrilla; asesora Ana Isabel Herrera
260 _aRepública Dominicana :
_bUniversidad Central del Este
300 _a1v. (en varias paginaciones)
502 _aTesis (Licenciado en Farmacia)-- Universidad Central del Este, 1999
504 _aIncluye bibliografía, índice y anexos
650 _aAtención Médica
_aFarmacología
_aLey 0050 de 1988
_aMedicamentos
_aPrescripcion de drogas
_aTC 6206
_aTesis y disertaciones académicas
700 _aGil Zorrilla, Francisca Altagracia
_aHerrera, Ana Isabel, ases
_aPalm Ureña, Julio Ernesto
040 _aDLC
_cDLC
942 _2ddc
_cTH
999 _c244173
_d24417300